| 000 | 00657nam a2200217 a 4500 | ||
|---|---|---|---|
| 999 |
_c189 _d189 |
||
| 003 | PK-NaQUE | ||
| 005 | 20250830132656.0 | ||
| 008 | 250830b ||||| |||| 00| 0 eng d | ||
| 020 | _a0131019880 (paperback) | ||
| 020 | _a9780131019881 (paperback) | ||
| 040 | _cQUEST | ||
| 100 | 1 | _aRashid, Muhammad H. | |
| 245 | 1 | 0 | _aIntroduction to PSpice Using OrCAD for Circuits and Electronics |
| 260 |
_aNew Delhi: _bPearson, |
||
| 300 | _a456p. ; | ||
| 650 | _aElectric circuit analysis--Data processing | ||
| 650 | _aSPICE (Computer file) | ||
| 650 | _aPSpice | ||
| 856 | 4 | 0 |
_uhttp://10.10.170.122:8080/browse/book/28205 _yDownload eBook |
| 942 |
_cBK _2ddc |
||